SAMSON WRIGHTS APPLIED PHYSIOLOGY (Record no. 9039)

MARC details
000 -LEADER
fixed length control field 00342nam a22001577a 4500
003 - CONTROL NUMBER IDENTIFIER
control field SGT
020 ## - INTERNATIONAL STANDARD BOOK NUMBER
International Standard Book Number 0-19-561625-1
082 ## - DEWEY DECIMAL CLASSIFICATION NUMBER
Classification number 612, S15K
100 ## - MAIN ENTRY--PERSONAL NAME
Personal name KEELE, CYNIL A.
245 ## - TITLE STATEMENT
Title SAMSON WRIGHTS APPLIED PHYSIOLOGY
250 ## - EDITION STATEMENT
Edition statement 13TH
260 ## - PUBLICATION, DISTRIBUTION, ETC. (IMPRINT)
Place of publication, distribution, etc INDIA
Name of publisher, distributor, etc OXFORD
Year of Publication 2015
300 ## - PAGE DESCRIPTION
No. of Pages 613
650 ## - SUBJECT ADDED ENTRY--TOPICAL TERM
Topical term or geographic name as entry element PHYSIOLOGY
942 ## - ADDED ENTRY ELEMENTS (KOHA)
Source of classification or shelving scheme Dewey Decimal Classification
Koha item type Books
942 ## - ADDED ENTRY ELEMENTS (KOHA)
-- 1
Holdings
Withdrawn status Lost status Source of classification or shelving scheme Damaged status Not for loan Collection code Home library Current library Shelving location Date acquired Vendor Name Cost, normal purchase price SGTU Bill Number Total Checkouts Full call number Accession No. (Barcode) Date last seen Date last borrowed Bill Date Koha item type
    Dewey Decimal Classification     MEDICAL SGT Medical Library SGT Medical Library Reference Book 15/06/2016 AHUJA BOOK COMPANY 1595.00 SGTU 5978 3 612, S15K FM7549 30/04/2026 16/04/2026 14/08/2015 Books